000 00586nam a22002177a 4500
005 20170124110107.0
010 _aB-027208
020 _c00.00
_a8175300310
035 _aB-027208
037 _bCen Lib/Ret
040 _aDPL
_bEN
082 _aN
_bGHO
100 _aGhosh, Amitav
_911520
245 _aThe glass palace /
_cby Amitabh Ghosh
260 _aDelhi
_bRavi Dayal Publishers
_c2007
270 _bDelhi
_a51 E Sujan Singh Park
300 _a551p.
_c20cm(Hb)
650 _aEnglish literature
_9107613
650 _aEnglish novels
_9107614
942 _2ddc
_cEN
_hN
_mGHO
999 _c130102
_d130102